Plánovací a řídicí systémy pro štíhlou výrobu

Systémy plánovania a riadenia tradičnej výroby. Plánovanie a zabezpečovanie zdrojov pre štíhlu výrobu. Princípy plánovania a riadenia štíhlej výroby. Plánovanie a riadenie výroby metódou kanban. Vizuálne riadenie s okamžitými reakciami na abnormality. Praktické príklady.

Na minha lista:
Detalhes bibliográficos
Autor principal: Matějka, Milan
Formato: Capítulo de Livro
Idioma:tcheco
Assuntos:
Tags: Adicionar Tag
Sem tags, seja o primeiro a adicionar uma tag!

MARC

LEADER 00000naa a2200000 4500
001 r044561
005 20231002103925.5
041 0 |a cze 
044 |a CZ 
245 1 0 |a Plánovací a řídicí systémy pro štíhlou výrobu  |c Milan Matějka 
520 |a Systémy plánovania a riadenia tradičnej výroby. Plánovanie a zabezpečovanie zdrojov pre štíhlu výrobu. Princípy plánovania a riadenia štíhlej výroby. Plánovanie a riadenie výroby metódou kanban. Vizuálne riadenie s okamžitými reakciami na abnormality. Praktické príklady. 
610 2 0 |a výroba štíhla 
610 2 0 |a systémy riadenia 
610 2 0 |a plánovanie 
610 2 0 |a metódy riadenia 
610 2 0 |a technológie informačné 
610 2 0 |a kanban 
100 1 |a Matějka, Milan